Epic Rap Battles of History Opponents - Statistics

General Stats
  • This quiz has been taken 54 times
  • The average score is 13 of 17
Answer Stats
Person/Character Opponent % Correct
Eve (Biblical) Adam
94%
Steve Jobs Bill Gates
92%
The Burger King Ronald McDonald
90%
Darth Vader Adlof Hitler
88%
Donald Trump Hillary Clinton, Ebenezer Scrooge
88%
Rasputin Joseph Stalin
84%
Mohandas Gandhi Martin Luther King Jr
84%
Wright Bros Mario Bros
80%
Barack Obama Mitt Romney
78%
Ghostbusters Mythbusters (Adam Savage, Jamie Hyneman)
73%
Thomas Edison Nikola Tesla
73%
Rick Grimes Walter White
73%
Sir Isaac Newton Bill Nye the Science Guy
71%
Mozart Skrillex
71%
Elon Musk Mark Zuckerberg
69%
Joan of Arc Miley Cyrus
63%
Bruce Lee Clint Eastwood
51%
No matching quizzes found
Score Distribution
Percent of People with Each Score
Percentile by Number Answered
Your Score History
You have not taken this quiz